000 00514nam a2200181Ia 4500
999 _c14651
_d14651
003 OSt
005 20201023121605.0
008 190216s9999||||xx |||||||||||||| ||und||
020 _a9780241950050
040 _coclc
082 _a823.914
_bCAM/O
100 _aCamus, Albert
_95059
245 4 _aThe Outsider /
_cAlbert Camus
260 _bPenguin Books,
_c2010.
_aNew zealand :
300 _a119p
650 _aEnglish-Fiction English
942 _cBK
_2ddc
_h823.914
_iCAM/O
_k823.914
_mCAM/O